000 00520nam a22001697a 4500
005 20251108172550.0
008 250721s1998 xx 000 0 ara d
082 1 4 _a613/عبد
100 1 _aعبدالصمد، محمد كامل
245 1 0 _aثبت علميا /
264 1 _aالقاهرة :
_bالدار المصرية اللبنانية،
_c1998.
300 _aج
650 1 7 _aالصحة/ الطب /النباتات الطبية
650 1 7 _aالأبحاث الطبية
942 _2ddc
_cBK
999 _c82696
_d82696